000 00749nam a2200217Ia 4500
003 GCL
008 140319s9999 xx 000 0 ara d
040 _aGCL /
_cGCL
082 0 4 _a953.07393
_bا ح
100 1 _aاحمد احمد بدوى
245 1 0 _aالحياة العقلية فى عصر الحروب الصليبية بمصر والشام /
_cاحمد احمد بدوى
260 _aالقاهرة :
_bدار نهضة مصر للطبع والنشر ،
_c1972
300 _a356 ص ؛
_c24 سم
490 _a
650 0 4 _aالحروب الصليبية
650 0 4 _aالتاريخ الاسلامى
650 0 4 _aاعلام العرب
650 0 4 _aالمدارس
650 0 4 _aالحضارة الاسلامية
942 _2ddc
_cBK
999 _c30222
_d30222